| 000 | 00372nam a22001457a 4500 | ||
|---|---|---|---|
| 005 | 20250905142959.0 | ||
| 008 | 250905b |||||||| |||| 00| 0 eng d | ||
| 020 | _a612608438156 | ||
| 050 |
_aBT1103 _bLIT |
||
| 100 | _aLITTLE PAUL E. | ||
| 245 |
_aKNOW WHO YOU BELIEVE; _bTHE MAGNIFICENT CONNECTION |
||
| 260 |
_aUSA _bVICTOR _cc1984 |
||
| 300 | _a110p | ||
| 942 |
_2lcc _cBK _n0 |
||
| 999 |
_c7465 _d7465 |
||